[Event "9th LGA Premium Cup"]
[Site "Nuernberg GER"]
[Date "2012.09.07"]
[Round "3.20"]
[White "Kunin,V"]
[Black "Lorscheid,G"]
[Result "1-0"]
[WhiteElo "2511"]
[BlackElo "2254"]

1.e4 d6 2.d4 Nf6 3.Nc3 e5 4.Nf3 Nbd7 5.Bc4 Be7 6.O-O O-O 7.a4 c6 8.Re1 b6
9.Bg5 a6 10.d5 c5 11.Nd2 Ne8 12.Bxe7 Qxe7 13.Bf1 g6 14.Nc4 Rb8 15.Qd2 f6
16.Rab1 Qd8 17.b4 Rf7 18.bxc5 bxc5 19.Rxb8 Nxb8 20.Rb1 Rb7 21.Rxb7 Bxb7 22.Na2 Bc8
23.Qc3 Qc7 24.Qb3 Kf8 25.h4 f5 26.exf5 gxf5 27.Nb6 Bb7 28.a5 Qf7 29.c4 Nd7
30.Nxd7+ Qxd7 31.Nc3 Qc7 32.Na4 Nf6 33.Nb6 Qf7 34.Qb1 Nd7 35.f3 Nxb6 36.axb6 Qf6
37.g3 Ke7 38.Kh2 Kd8 39.Bh3 e4 40.fxe4 f4 41.Qc1 fxg3+ 42.Kxg3 a5 43.Bf5 h6
44.Kg4 Bc8 45.b7 Bxb7 46.Qa3 Qg7+ 47.Kh5 Qf7+ 48.Bg6 Qc7 49.Qa4  1-0

[Event "FSFMA Sept 2012"]
[Site "Budapest HUN"]
[Date "2012.09.08"]
[Round "8.4"]
[White "Letay,G"]
[Black "Hilbenz,G"]
[Result "1-0"]
[WhiteElo "1996"]
[BlackElo "1924"]

1.e4 d6 2.d4 Nf6 3.Nc3 e5 4.d5 Be7 5.Nf3 O-O 6.h3 c6 7.dxc6 bxc6 8.Be3 Nbd7
9.Be2 Qc7 10.O-O a5 11.Qd2 Bb7 12.Nh4 Nxe4 13.Nxe4 Bxh4 14.Nxd6 Be7 15.Nf5 Bc5
16.Bh6 g6 17.Bxf8 Bxf8 18.Nh6+ Kg7 19.Bc4 Ba6 20.Bxa6 Rxa6 21.Ng4 f5 22.Ne3 Nf6
23.Rad1 Be7 24.Nc4 Nd5 25.Rfe1 Bf6 26.c3 a4 27.Qe2 e4 28.Ne3 Ra5 29.Nxd5 cxd5
30.Qd2 Qb6 31.Qf4 Rb5 32.c4 Rxb2 33.Rxd5 Bg5 34.Qe5+ Bf6 35.Rd7+ Kh6 36.Qg3  1-0

[Event "FSFMA Sept 2012"]
[Site "Budapest HUN"]
[Date "2012.09.08"]
[Round "8.6"]
[White "Darazs,Z"]
[Black "Langer,C1"]
[Result "1/2-1/2"]
[WhiteElo "2137"]
[BlackElo "2129"]

1.e4 d6 2.d4 Nf6 3.Nc3 e5 4.Nf3 exd4 5.Nxd4 Be7 6.Bc4 O-O 7.O-O Nc6 8.h3 Re8
9.Be3 Bd7 10.Re1 Nxd4 11.Bxd4 Bc6 12.Nd5 Nxd5 13.Bxd5 Bxd5 14.exd5 Bf8 15.Qf3 Qd7
16.c4 a6 17.b3 Rxe1+ 18.Rxe1 Re8 19.Rxe8 Qxe8 20.Qe3 Qxe3 21.Bxe3  1/2-1/2

[Event "3rd Oliver Gonzalez Mem Open A"]
[Site "Madrid ESP"]
[Date "2012.09.08"]
[Round "8.27"]
[White "Martin Duque,J"]
[Black "Perez de Aranda A.,LI"]
[Result "1-0"]
[WhiteElo "2261"]
[BlackElo "2113"]

1.e4 d6 2.d4 Nf6 3.Nc3 e5 4.Nf3 Nbd7 5.Bc4 Be7 6.O-O O-O 7.Re1 c6 8.a4 exd4
9.Nxd4 d5 10.exd5 Nb6 11.Bf1 Nbxd5 12.Nxd5 Nxd5 13.Qf3 Bc5 14.Nb3 Bd6 15.c4 Nb4
16.c5 Bc7 17.Bf4 Be6 18.Rad1 Bd5 19.Bxc7 Qxc7 20.Qc3 Na2 21.Qh3 Rfe8 22.Bd3 h6
23.Bb1 Qf4 24.Qd3 g6 25.Rxe8+ Rxe8 26.Bxa2 Qxa4 27.Ra1 Qg4 28.f3 Qh4 29.g3 Qb4
30.Qc3 Qa4 31.Kf2 Bc4 32.Nc1 Bxa2 33.b3  1-0

[Event "9th LGA Premium Cup"]
[Site "Nuernberg GER"]
[Date "2012.09.08"]
[Round "5.34"]
[White "Heinig,Wo"]
[Black "Osmanodja,F"]
[Result "1/2-1/2"]
[WhiteElo "2304"]
[BlackElo "2198"]

1.e4 d6 2.d4 Nf6 3.Nc3 c6 4.f4 Qa5 5.Bd3 e5 6.Nf3 exd4 7.Nxd4 g6 8.h3 Bg7
9.Be3 O-O 10.O-O Nbd7 11.Qf3 Qc7 12.Nb3 a6 13.a4 b6 14.Qf2 Rb8 15.Kh1 Re8
16.Rfe1 c5 17.Nd2 Bb7 18.Qf1 Ra8 19.Bg1 Re7 20.Bh2  1/2-1/2

[Event "11th Kesarovski-Stanchev Mem"]
[Site "Sunny Beach BUL"]
[Date "2012.09.08"]
[Round "8.7"]
[White "Jasny,S"]
[Black "Spasov,V"]
[Result "0-1"]
[WhiteElo "2296"]
[BlackElo "2581"]

1.e4 d6 2.d4 Nf6 3.Nc3 e5 4.Nf3 Nbd7 5.Bc4 Be7 6.O-O O-O 7.Re1 a6 8.a4 b6
9.b3 c6 10.Bb2 Bb7 11.Bd3 Re8 12.Ne2 Bf8 13.Ng3 g6 14.c4 Bg7 15.d5 a5 16.h3 Nc5
17.Bf1 Qc7 18.Rb1 Ba6 19.Bc1 Rab8 20.Bd2 cxd5 21.exd5 Bc8 22.Bg5 Bd7 23.Qd2 Qc8
24.Bh6 Bf5 25.Nxf5 Qxf5 26.Bxg7 Kxg7 27.Qg5 Qxg5 28.Nxg5 h6 29.Nf3 Nfe4 30.Rec1 Na6
31.Rb2 Nb4 32.Ne1 Nc5 33.Be2 f5 34.Rd1 Kf6 35.Nd3 Re7 36.Nxc5 bxc5 37.Kf1 e4
38.g3 g5 39.Kg2 f4 40.f3 exf3+ 41.Bxf3 Re3 42.Re2 Rbe8 43.Rxe3 Rxe3 44.gxf4 gxf4
45.Bg4 Ke5 46.Bd7 Rxb3 47.Kf2 Nd3+ 48.Ke2 f3+ 49.Kf1 Kf4  0-1

[Event "14th Trieste Open A"]
[Site "Trieste ITA"]
[Date "2012.09.08"]
[Round "9"]
[White "Movileanu,Daniela"]
[Black "Militello,M"]
[Result "1-0"]
[WhiteElo "1993"]
[BlackElo "1798"]

1.e4 d6 2.d4 Nf6 3.Nc3 Nbd7 4.Nf3 e5 5.Bc4 Be7 6.O-O O-O 7.Re1 c6 8.a4 a5
9.Bb3 Qc7 10.h3 Nb6 11.Be3 Nfd7 12.dxe5 dxe5 13.Ng5 h6 14.Nxf7 Kh7 15.Qh5 Nf6
16.Qxe5 Qxe5 17.Nxe5 Bd8 18.Rad1 Bc7 19.Nd3 Nbd7 20.Nc5 Ne5 21.Be6 Re8 22.Bxc8 Raxc8
23.Nd3 Ng6 24.Bc1 b6 25.f4 Nh5 26.e5 Ng3 27.Ne4 Nf5 28.c3 b5 29.g4 Nfe7 30.axb5 cxb5
31.Nd6 Bxd6 32.exd6 Nc6 33.Rxe8 Rxe8 34.Nc5 Ra8 35.f5 Nge5 36.Bf4 Nc4 37.b3 Nb6
38.d7 a4 39.Bc7 axb3 40.Bxb6 b2 41.Nd3 Ra1 42.Nxb2  1-0

[Event "40th Olympiad Women"]
[Site "Istanbul TUR"]
[Date "2012.09.09"]
[Round "11.44"]
[White "Marzouk,A"]
[Black "Abdelmenaem,Sohayla"]
[Result "0-1"]
[WhiteElo "1694"]
[BlackElo "1732"]

1.e4 d6 2.d4 Nf6 3.Nc3 Nbd7 4.f3 c6 5.Be3 e5 6.Nge2 Be7 7.Qd2 O-O 8.g4 b5
9.Ng3 exd4 10.Bxd4 Ne5 11.Be2 Re8 12.h4 Bf8 13.g5 Nfd7 14.f4 Nc4 15.Bxc4 bxc4
16.Nf5 c5 17.Be3 Nb6 18.O-O-O d5 19.Bf2 d4 20.Nxd4 cxd4 21.Bxd4 Bg4 22.Rde1 Qd7
23.Qe3 Bb4 24.h5 Qc6 25.Qg3 Bd7 26.h6 g6 27.a3 Bf8 28.Qf2 Rac8 29.Bxb6 Qxb6
30.Nd5 Qxf2  0-1

[Event "40th Olympiad Open"]
[Site "Istanbul TUR"]
[Date "2012.09.09"]
[Round "11.33"]
[White "Bachmann,Ax"]
[Black "Haddouche,M"]
[Result "1-0"]
[WhiteElo "2533"]
[BlackElo "2429"]

1.d4 d6 2.e4 Nf6 3.Nc3 e5 4.Nge2 Be7 5.g3 c6 6.a4 O-O 7.Bg2 Re8 8.O-O exd4
9.Nxd4 a5 10.h3 Bf8 11.g4 h6 12.Nf5 Na6 13.Ng3 Nb4 14.Be3 d5 15.exd5 Nfxd5
16.Nxd5 Nxd5 17.Bxd5 cxd5 18.c3 Ra6 19.Bd4 Rg6 20.Qf3 Qh4 21.Qg2 h5 22.Rae1 Rxe1
23.Rxe1 hxg4 24.Qxd5 Be6 25.Qxb7 gxh3 26.Kh2 Qf4 27.Qe4 Qb8 28.Re2 f5 29.Be5 Qb3
30.Qa8 Bd5 31.Qd8 Rxg3 32.Bxg3 Qd1 33.Re1 Qxe1 34.Qxd5+ Kh8 35.Qxf5 Qe8 36.Qxh3+ Kg8
37.Qg4 Qc6 38.Qd4 Qh6+ 39.Kg2 Qc6+ 40.Kg1 Qb7 41.Qc4+ Kh7 42.Qb5 Qa8 43.c4 Qd8
44.Qh5+ Kg8 45.Qd5+ Qxd5 46.cxd5 Kf7 47.Be5 Bc5 48.Kg2 g5 49.Kg3 Kg6 50.Bc7 Bd4
51.Bxa5 Bxb2 52.Bb6 Kf5 53.a5  1-0

[Event "40th Olympiad Women"]
[Site "Istanbul TUR"]
[Date "2012.09.09"]
[Round "11.3"]
[White "Zhukova,N"]
[Black "Ohme,M"]
[Result "1-0"]
[WhiteElo "2442"]
[BlackElo "2337"]

1.d4 d6 2.e4 Nf6 3.Nc3 e5 4.dxe5 dxe5 5.Qxd8+ Kxd8 6.Bg5 c6 7.O-O-O+ Kc7
8.Bc4 Bc5 9.f3 Rf8 10.Nge2 b5 11.Bb3 Nbd7 12.Kb1 a5 13.a4 b4 14.Na2 Ne8 15.Ng3 f6
16.Bd2 Rb8 17.Nc1 Ba6 18.Be6 Nd6 19.Nb3 Bb6 20.Bxd7 Kxd7 21.Nf5 Be2 22.Nxd6 Bxd1
23.Rxd1 Kxd6 24.Bxb4+ Ke6 25.Bxf8 Rxf8 26.Rd3 g6 27.Nd2 f5 28.Rb3 Bc7 29.Rb7 Kd7
30.Ra7 h5 31.c3 h4 32.h3 Rf6 33.Ra8 Bd8 34.Kc2 c5 35.Ra7+ Bc7 36.Ra8 Bd8
37.exf5 gxf5 38.Nc4 Re6 39.Kd3 e4+ 40.fxe4 fxe4+ 41.Ke2 Re8 42.Nxa5 Kc7 43.b4 Rg8
44.Ra7+ Kb6 45.Rb7+ Ka6 46.Rb8 cxb4 47.cxb4 Rxg2+ 48.Kf1 Rd2 49.Nc6  1-0

[Event "40th Olympiad Women"]
[Site "Istanbul TUR"]
[Date "2012.09.09"]
[Round "11.31"]
[White "Mencos Castillo,Maria"]
[Black "Barbier,Wie"]
[Result "0-1"]
[WhiteElo "1721"]
[BlackElo "1952"]

1.e4 d6 2.d4 Nf6 3.Nc3 e5 4.Bc4 Nbd7 5.Nf3 Be7 6.Qd3 O-O 7.Ne2 exd4 8.Nexd4 Nc5
9.Qe2 Ncxe4 10.O-O d5 11.Bd3 c5 12.Nb3 c4 13.Bxe4 dxe4 14.Nbd2 exf3 15.Qxf3 Qc7
16.h3 Be6 17.Re1 Bd5 18.Qc3 a5 19.a3 b5 20.Qe5 Bd6 21.Qf5 Rfe8 22.Rf1 Bh2+
23.Kh1 Re5  0-1

[Event "40th Olympiad Women"]
[Site "Istanbul TUR"]
[Date "2012.09.09"]
[Round "11.15"]
[White "Skinke,K"]
[Black "Srebrnic,A"]
[Result "1-0"]
[WhiteElo "2226"]
[BlackElo "2211"]

1.e4 d6 2.d4 Nf6 3.Nc3 e5 4.dxe5 dxe5 5.Qxd8+ Kxd8 6.Bg5 Be6 7.g3 Be7 8.O-O-O+ Ke8
9.f4 c6 10.f5 Bc8 11.Be2 b5 12.Nf3 Nbd7 13.Nd2 a5 14.g4 Nc5 15.Bf3 Ba6 16.Ne2 b4
17.Ng3 Nfd7 18.Be3 a4 19.b3 Bb5 20.Be2 Bxe2 21.Nxe2 Nb6 22.g5 f6 23.h4 Kf7
24.Rdg1 h5 25.g6+ Ke8 26.Rd1 Rd8 27.Ng3 Rd7 28.Nf3 Rxd1+ 29.Rxd1 Ncd7 30.Ne1 Nc5
31.Kb2 Nbd7 32.c3 bxc3+ 33.Kxc3 axb3 34.axb3 Kd8 35.b4 Nb7 36.Ra1 Kc7 37.Nd3 Kb8
38.Ra6 Kc7 39.Nb2 Nd6 40.Ra7+ Kc8 41.Ra8+ Nb8 42.Kb3 Nb5 43.Ra1 Kc7 44.Nc4 Nd7
45.Rc1 Nb8 46.Nb6 Kb7 47.Rd1 Kc7 48.Na4 Na6 49.Bb6+ Kc8 50.Nc5 Nxc5+ 51.bxc5 Nd4+
52.Kc4 Kb8 53.Rb1 Nb5 54.Rd1 Nd4 55.Rd2 Kc8 56.Ra2 Kb8 57.Ra7 Bf8 58.Rd7 Nf3
59.Rd8+ Kb7 60.Re8 Nxh4 61.Bd8 Nf3 62.Be7 h4 63.Nh1 h3 64.Bxf8 h2 65.Re7+ Ka6
66.Bxg7 Rh4 67.Kd3 Ng5 68.Bxf6 Rh3+ 69.Ke2 Nxe4 70.Bxe5 Rh5 71.g7  1-0

[Event "40th Olympiad Women"]
[Site "Istanbul TUR"]
[Date "2012.09.09"]
[Round "11.14"]
[White "Schnegg,A"]
[Black "Stojanovic,Andj"]
[Result "0-1"]
[WhiteElo "2088"]
[BlackElo "2277"]

1.e4 d6 2.d4 Nf6 3.Nc3 e5 4.Nf3 Nbd7 5.Bc4 Be7 6.O-O Nb6 7.Bb3 exd4 8.Qxd4 O-O
9.a4 a5 10.e5 dxe5 11.Qxd8 Bxd8 12.Nxe5 c6 13.Bg5 h6 14.Bh4 Bf5 15.Rad1 Nbd7
16.Nc4 Nc5 17.Nd6 Bg6 18.f3 Nxb3 19.cxb3 Bc2 20.Rd2 Bxb3 21.Nxb7 Be7 22.Bf2 Bb4
23.Nc5 Bc4 24.Rfd1 Nd5 25.Nd7 Rfe8 26.Nxd5 cxd5 27.Nb6 Bxd2 28.Nxa8 Bb4 29.Nb6 Re2
30.Nxc4 dxc4 31.Bd4 Rc2 32.Bc3 Bc5+ 33.Kh1 Ba3 34.h3 Bxb2 35.Bxa5 Be5 36.Be1 Ra2
37.a5 c3 38.Rc1 Bf4 39.Rxc3 Ra1 40.Rc8+ Kh7 41.Re8 Bg3 42.a6 Bxe1 43.Kh2 Bb4
44.Ra8 Bd6+ 45.g3 Ra2+ 46.Kg1 Bxg3  0-1

[Event "3rd Oliver Gonzalez Mem Open A"]
[Site "Madrid ESP"]
[Date "2012.09.09"]
[Round "9.29"]
[White "Fernandez Blazquez,D"]
[Black "Perez de Aranda A.,LI"]
[Result "1/2-1/2"]
[WhiteElo "2215"]
[BlackElo "2113"]

1.e4 d6 2.d4 Nf6 3.Nc3 e5 4.Nf3 Nbd7 5.g3 Be7 6.Bg2 O-O 7.O-O c6 8.a4 Qc7
9.a5 Re8 10.Re1 Bf8 11.h3 g6 12.dxe5 Nxe5 13.Nd4 Nc4 14.Qd3 Ne5 15.Qe2 Be6
16.b3 c5 17.Nxe6 Rxe6 18.Bg5 Bg7 19.a6 Nc6 20.Bxf6 Bxf6 21.Nd5 Qd7 22.Nxf6+ Rxf6
23.axb7 Qxb7 24.e5 dxe5 25.Qc4 Qb4 26.Qxb4 cxb4 27.Rxe5 Rd8 28.Bxc6 Rxc6
29.Re2 a6  1/2-1/2

[Event "FSFMA Sept 2012"]
[Site "Budapest HUN"]
[Date "2012.09.10"]
[Round "10.5"]
[White "Darazs,Z"]
[Black "Hilbenz,G"]
[Result "1-0"]
[WhiteElo "2137"]
[BlackElo "1924"]

1.e4 d6 2.d4 Nf6 3.Nc3 e5 4.Nf3 exd4 5.Nxd4 Be7 6.Be3 O-O 7.Qd2 d5 8.exd5 Nxd5
9.Nxd5 Qxd5 10.c4 Qe5 11.O-O-O Na6 12.Nf3 Qh5 13.Be2 Bb4 14.Qc2 Bf5 15.Qb3 Be4
16.a3 Bc5 17.Nd4 Qg6 18.f3 Bc6 19.Bd3 Qf6 20.Kb1 Rad8 21.Nxc6 bxc6 22.Bxc5 Nxc5
23.Qc2 g6 24.Be4 a5 25.Qc3 Qxc3 26.bxc3 Nxe4 27.fxe4 f6 28.Kc2 Kf7 29.Rxd8 Rxd8
30.Rb1 Ke6 31.Rb7 Ke5 32.Rxc7 Kxe4 33.Rxc6 f5 34.Re6+ Kf4 35.c5 g5 36.c6 h5
37.Kb3 g4 38.Kc4 Kg5 39.g3 h4 40.Kc5  1-0

[Event "I Open Distrito de Chamartin"]
[Site "Madrid ESP"]
[Date "2012.09.10"]
[Round "2.13"]
[White "Unciti Juan,J"]
[Black "Noval Toldos,F"]
[Result "1-0"]
[WhiteElo "2143"]
[BlackElo "1956"]

1.e4 d6 2.d4 Nf6 3.Nc3 e5 4.Nf3 Nbd7 5.Bc4 Be7 6.O-O O-O 7.Qe2 c6 8.a4 b6
9.Rd1 Qc7 10.dxe5 dxe5 11.Bg5 h6 12.Bh4 Nc5 13.Bg3 Bg4 14.h3 Bxf3 15.Qxf3 Ne6
16.Qf5 g6 17.Qxe5 Qxe5 18.Bxe5 Nc5 19.f3 Rfd8 20.Bc7 Rxd1+ 21.Rxd1 Nxa4 22.Nxa4 b5
23.Bb3 bxa4 24.Bxa4 Bc5+ 25.Kf1 a5 26.Be5 Be7 27.Bxc6  1-0

[Event "FSFMA Sept 2012"]
[Site "Budapest HUN"]
[Date "2012.09.11"]
[Round "11.5"]
[White "Juracsik,J"]
[Black "Letay,G"]
[Result "1-0"]
[WhiteElo "2149"]
[BlackElo "1996"]

1.e4 d6 2.d4 Nf6 3.Nc3 e5 4.dxe5 dxe5 5.Qxd8+ Kxd8 6.Bc4 Bb4 7.f3 Rf8 8.Ne2 c6
9.Be3 Kc7 10.a3 Bd6 11.O-O-O Nbd7 12.Ng3 g6 13.Bh6 Rd8 14.Bxf7 b5 15.h4 a5
16.h5 gxh5 17.Nf5 Bc5 18.Bg7 Ne8 19.Bh6 Nd6 20.Nxd6 Bxd6 21.Rxh5 b4 22.Nb1 Nf6
23.Rhh1 bxa3 24.Nxa3 Ba6 25.Nc4 Bxc4 26.Bxc4 a4 27.Bg5 Rf8 28.c3 a3 29.bxa3 Rxa3
30.Kc2 Be7 31.Be3 Bb4 32.Rd3 Be7 33.g4 Rh8 34.Be6 Bd6 35.g5 Ne8 36.Rh6 Ng7
37.Bg4 Bf8 38.Rf6 c5 39.Rf7+ Kc6 40.Rdd7 Ne8 41.Be6  1-0

[Event "3rd Livigno Open A"]
[Site "Livigno ITA"]
[Date "2012.09.11"]
[Round "2.22"]
[White "Arnetta,MariaT"]
[Black "Pogan,N"]
[Result "1/2-1/2"]
[WhiteElo "2031"]
[BlackElo "2240"]

1.e4 d6 2.d4 Nf6 3.Nc3 e5 4.Nf3 Nbd7 5.Bc4 Be7 6.O-O O-O 7.Qe2 c6 8.Rd1 Qc7
9.a4 a5 10.h3 exd4 11.Nxd4 Nb6 12.Ba2 Re8 13.Bf4 Bf8 14.Qf3 Nbd7 15.Nf5 Ne5
16.Bxe5 Rxe5 17.Nh6+ gxh6 18.Qxf6 Rg5 19.Rd3 Rg6 20.Qf4 Bg7 21.Rad1 Be5 22.Qh4 Qb6
23.Bb3 Be6 24.Ne2 Kh8 25.Bxe6 fxe6 26.Rb3 Qc5 27.Rd2 Rag8 28.g3 b6 29.Kg2 Bf6
30.Qf4 Bg5 31.Qxd6 Bxd2 32.Qxd2 Rf6 33.Qd4 Qxd4 34.Nxd4 e5 35.Nf5 Rb8 36.Rd3 b5
37.axb5 cxb5 38.Rd5 Ra6 39.Rxe5  1/2-1/2

[Event "I Open Distrito de Chamartin"]
[Site "Madrid ESP"]
[Date "2012.09.12"]
[Round "5.11"]
[White "Alonso Aranzabal,I"]
[Black "Serrano Salvador,E"]
[Result "0-1"]
[WhiteElo "1976"]
[BlackElo "2319"]

1.e4 d6 2.d4 Nf6 3.Nc3 e5 4.Nf3 Nbd7 5.Bc4 Be7 6.h3 O-O 7.O-O Nb6 8.Bd3 exd4
9.Nxd4 c5 10.Nf3 h6 11.Re1 Be6 12.a4 Nc4 13.Bf1 Nb6 14.a5 Nbd7 15.Bf4 Nb8
16.Nb5 Ne8 17.c4 a6 18.Nc3 Nc6 19.Nd5 Bf6 20.Qd2 Bxd5 21.exd5 Nd4 22.Nxd4 Bxd4
23.Ra3 g5 24.Bg3 b6 25.h4 bxa5 26.hxg5 hxg5 27.Bd3 Kg7 28.Bb1 Rb8 29.Qd3 Rh8
30.Rb3 Rb4 31.Rxb4 axb4 32.b3 Qf6 33.Re4 Qh6 34.Kf1 Bc3 35.f3 Nf6  0-1

[Event "I Open Distrito de Chamartin"]
[Site "Madrid ESP"]
[Date "2012.09.13"]
[Round "6.18"]
[White "Camarero Izquierdo,J"]
[Black "Lopez Heras,A"]
[Result "0-1"]
[WhiteElo "1899"]
[BlackElo "1976"]

1.d4 Nf6 2.Nc3 d6 3.e4 e5 4.d5 Be7 5.Be3 O-O 6.f3 a6 7.Qd2 b5 8.O-O-O b4
9.Nce2 a5 10.g4 c5 11.dxc6 Nxc6 12.Ng3 Be6 13.g5 Ne8 14.Bb5 Rc8 15.Kb1 Qc7
16.Ba4 g6 17.h4 Kg7 18.f4 exf4 19.Bxf4 Ne5 20.Bxe5+ dxe5 21.Nf3 Qc5 22.h5 Nd6
23.Qh2 Rh8 24.Bb3 Nc4 25.Bxc4 Qxc4 26.b3 Qc7 27.Nxe5 Bd6 28.Rxd6 Qxd6 29.Nxg6 Rhd8
30.Ne5 Qd2 31.Nf5+ Bxf5 32.Qxd2 Rxd2 33.exf5 Rcxc2 34.Nc4 Rg2 35.f6+ Kf8
36.Re1 Rxa2 37.Rd1 Rae2 38.Rd8+ Re8 39.Rxe8+ Kxe8 40.g6 hxg6 41.h6 Rh2 42.Nxa5 Rxh6
43.Kc2 Kd7 44.Kd3 Rh4 45.Nc4 Ke6 46.Ne3 Kxf6 47.Ng2 Rh3+ 48.Ne3 Rg3 49.Kd4 Rxe3
50.Kxe3 Ke5  0-1

[Event "3rd Livigno Open A"]
[Site "Livigno ITA"]
[Date "2012.09.14"]
[Round "6.20"]
[White "Sreeves,C"]
[Black "Simoncini,Francesco"]
[Result "1-0"]
[WhiteElo "2220"]
[BlackElo "1961"]

1.e4 d6 2.d4 Nf6 3.Nc3 e5 4.dxe5 dxe5 5.Qxd8+ Kxd8 6.Bc4 Ke8 7.Nf3 Bd6 8.Bg5 Nbd7
9.O-O-O a6 10.a4 b6 11.Rhe1 Bb7 12.Bxf6 Nxf6 13.Nd5 Nxd5 14.Bxd5 Bxd5 15.exd5 f6
16.Nd4 Kd7 17.Nc6 a5 18.Re4 h5 19.Rd3 g5 20.Rf3 Rhf8 21.h4 Rae8 22.Rf5 Kc8
23.f3 gxh4 24.Rxh4 Rg8 25.Rhxh5 Rxg2 26.Rxf6 Reg8 27.Kb1 Rg1+ 28.Ka2 R8g2
29.Rh8+ Kb7 30.Re6 Rg8 31.Rxg8 Rxg8 32.Nxe5 Rf8 33.Nc4 Bc5 34.Nd2 Rf5 35.Ne4 Rxf3
36.Nxc5+ bxc5 37.Rc6 Rf4 38.b3 Rd4 39.Rxc5 Kb6 40.Rb5+ Ka6 41.Kb2 Rh4 42.Kc3 Rg4
43.Kd3 Rh4 44.c4 Rg4 45.c5 Rg1 46.Kd4 Rd1+ 47.Ke5 Re1+ 48.Kf6 Rd1 49.Ke6 Rd2
50.d6 cxd6 51.cxd6 Re2+ 52.Re5 Rd2 53.d7 Kb6 54.Ke7  1-0

[Event "I Open Distrito de Chamartin"]
[Site "Madrid ESP"]
[Date "2012.09.14"]
[Round "8.46"]
[White "Algaba Traspuesto,J"]
[Black "Lopez Garralon,Jorge"]
[Result "1-0"]
[WhiteElo "1646"]
[BlackElo "1264"]

1.e4 d6 2.d4 Nf6 3.Nc3 Nbd7 4.Nf3 e5 5.dxe5 dxe5 6.Bc4 Bb4 7.Bd2 Bxc3 8.Bxc3 Qe7
9.Qe2 c6 10.a3 b5 11.Ba2 O-O 12.O-O Re8 13.Rad1 a5 14.b4 a4 15.Rd2 Bb7 16.Rfd1 Rad8
17.Nh4 g6 18.Nf3 c5 19.Qxb5 Nxe4 20.Rxd7 Nxc3 21.Qxb7 Nxa2 22.h3 Rxd7 23.Rxd7 Qf6
24.bxc5 e4 25.Nd4 e3 26.fxe3 Rxe3 27.Qb8+ Kg7 28.Nf3 Rxa3 29.c6 Qxc6 30.Rxf7+ Kxf7
31.Ne5+ Kg7 32.Nxc6 Rc3 33.Qb2 Kh6 34.Nd4 a3 35.Qxa2 Re3 36.Kf2 Rc3 37.Nb5  1-0

[Event "InventiChess IM 2012"]
[Site "Antwerp BEL"]
[Date "2012.09.15"]
[Round "2.5"]
[White "Zelbel,P"]
[Black "Vandenbussche,T"]
[Result "1-0"]
[WhiteElo "2368"]
[BlackElo "2400"]

1.e4 d6 2.d4 Nf6 3.Nc3 e5 4.Nf3 Nbd7 5.Bc4 Be7 6.O-O O-O 7.Re1 c6 8.a4 h6
9.h3 Re8 10.Ba2 Qc7 11.Nh4 Nf8 12.dxe5 dxe5 13.Nf5 Be6 14.Qf3 Bxa2 15.Rxa2 Ne6
16.Be3 b6 17.Raa1 Rad8 18.Rad1 Rxd1 19.Rxd1 a6 20.b3 b5 21.axb5 axb5 22.Ra1 b4
23.Ra7 Qd8 24.Na4 c5 25.Qg3 Nxe4 26.Qxe5 Qd1+ 27.Kh2 Bd6 28.Nxd6 Qxd6 29.Qxd6 Nxd6
30.Nxc5 Nf5 31.Nd3 Nxe3 32.fxe3 Ng5 33.Rb7 Rxe3 34.Rxb4 Re2 35.Rc4 h5 36.h4 Nf3+
37.Kg3 Nd2 38.Rc8+ Kh7 39.b4 Nf1+ 40.Kf3 Re6 41.b5 Nh2+ 42.Kf4 Rf6+ 43.Ke4 Ng4
44.Rc6 Rf1 45.b6 Nf6+ 46.Kd4 Rb1 47.Rxf6 gxf6 48.Kc5 Kg6 49.Nb4  1-0

[Event "I Open Distrito de Chamartin"]
[Site "Madrid ESP"]
[Date "2012.09.15"]
[Round "9.13"]
[White "Cano Cabanillas,J"]
[Black "Lopez Garralon,M"]
[Result "1/2-1/2"]
[WhiteElo "2027"]
[BlackElo "1947"]

1.e4 d6 2.d4 Nf6 3.Nc3 Nbd7 4.Nge2 e5 5.h3 c6 6.a4 a5 7.Be3 Be7 8.g4 h6 9.Bg2 Qc7
10.Ng3 Nb6 11.b3 g6 12.Qd2 Bf8 13.f4 Nbd7 14.O-O Bg7 15.Rad1 b6 16.dxe5 dxe5
17.g5 hxg5 18.fxg5 Nh5 19.Nxh5 Rxh5 20.Qf2 Nc5 21.Qf3 Ne6 22.Nd5 cxd5 23.exd5 Bb7
24.Qf2 Nxg5 25.h4 Bxd5 26.Rxd5 Ne6 27.Bxb6 Qe7 28.Rb5 Rc8 29.Bxa5 Nf4 30.Rb7 Qxh4
31.Qxh4 Rxh4 32.Bb4 Ne2+ 33.Kf2 Rxc2 34.Ke3 Bh6+ 35.Kd3 Rxb4 36.Kxc2 Nd4+
37.Kc3 Rxb7 38.Bxb7 f5 39.b4 Kd7 40.Bd5 Bf8 41.Kc4 Nc2 42.Rf3 g5 43.b5 g4
44.Bc6+ Kc7 45.Rd3 Bd6 46.a5 e4 47.Rxd6 Kxd6 48.a6 g3 49.a7 g2 50.a8=Q g1=Q
51.Qd8+ Ke5 52.Qc7+ Kf6 53.Qd8+ Ke5 54.Qc7+ Kf6  1/2-1/2

[Event "I Open Distrito de Chamartin"]
[Site "Madrid ESP"]
[Date "2012.09.15"]
[Round "9.14"]
[White "Cerrato Torrijos,M"]
[Black "Lopez Heras,A"]
[Result "1-0"]
[WhiteElo "2120"]
[BlackElo "1976"]

1.e4 d6 2.d4 Nf6 3.Nc3 e5 4.Nf3 Nbd7 5.Bc4 Be7 6.O-O O-O 7.Re1 c6 8.a4 exd4
9.Nxd4 Ne5 10.Bb3 Re8 11.h3 Bf8 12.Bg5 h6 13.Bh4 Ng6 14.Bg3 Nd7 15.Nf5 Nc5
16.Nxd6 Bxd6 17.Bxd6 Nxb3 18.cxb3 Qg5 19.Bg3 h5 20.Qc1 Qe7 21.Qe3 Be6 22.Ne2 Qb4
23.Nd4 h4 24.Bh2 Bd5 25.f3 Rad8 26.Qc3 Qb6 27.a5  1-0

[Event "Skovbo GM Open 2012"]
[Site "Borup DEN"]
[Date "2012.09.16"]
[Round "4.26"]
[White "Rasmussen,He2"]
[Black "Preuss,F"]
[Result "0-1"]
[WhiteElo "1783"]
[BlackElo "1990"]

1.e4 d6 2.d4 Nf6 3.Nc3 e5 4.dxe5 dxe5 5.Qxd8+ Kxd8 6.Bc4 Be6 7.Bxe6 fxe6
8.Be3 Nbd7 9.f3 Bd6 10.O-O-O Ke7 11.a3 a6 12.Nh3 b5 13.Nf2 Rab8 14.Nd3 a5
15.b4 Rhc8 16.Nb1 Nb6 17.Bxb6 cxb6 18.c3 Rc4 19.Rd2 Rbc8 20.Kd1 Rxc3 21.Nxc3 Rxc3
22.Ke2 Rxa3 23.Rb1 a4 24.Rc2 Kd7 25.Rbc1 Rb3 26.Rc3 Rxc3 27.Rxc3 Ne8 28.Kd2 Nc7
29.Rc2 Na6 30.Kc3 Nb8 31.Ra2 Nc6 32.Rb2 Be7 33.Ra2 Bg5 34.Re2 Kd6 35.Ra2 Be3
36.Kb2 Bg1 37.h3 Bd4+ 38.Ka3 h5 39.Rd2  0-1

[Event "TCh-HUN 2012-13"]
[Site "Mako HUN"]
[Date "2012.09.16"]
[Round "1"]
[White "Balazs,T jr"]
[Black "Bali,J"]
[Result "1/2-1/2"]
[WhiteElo "2202"]
[BlackElo "2260"]

1.e4 d6 2.d4 Nf6 3.Nc3 e5 4.Nf3 Nbd7 5.Bc4 Be7 6.O-O O-O 7.h3 c6 8.a4 b6
9.Qe2 a6 10.Rd1 Qc7 11.d5  1/2-1/2

[Event "TCh-SRB Prem w 2012"]
[Site "Valjevo SRB"]
[Date "2012.09.17"]
[Round "1.4"]
[White "Nikolic,Mila"]
[Black "Velickovski Nejkovic,M"]
[Result "0-1"]
[WhiteElo "1932"]
[BlackElo "2153"]

1.e4 d6 2.d4 Nf6 3.Nc3 c6 4.f4 Qa5 5.Bd3 e5 6.Nf3 Nbd7 7.a3 Qc7 8.O-O Be7
9.Kh1 O-O 10.Qe1 exd4 11.Nxd4 Nc5 12.Bd2 Re8 13.b4 Nxd3 14.cxd3 Bf8 15.Qh4 Be7
16.Qg3 a5 17.b5 c5 18.Nf3 Be6 19.f5 Bb3 20.a4 Bc2 21.Ne1 Bb3 22.Nf3 b6 23.Ng5 Bf8
24.Rab1 c4 25.Rfc1 Rac8 26.d4 Qe7 27.Bf4 h6 28.Nh3 Nxe4 29.Nxe4 Qxe4 30.Bxd6 Qxd4
31.Bf4 Qf6 32.Re1 Qxf5 33.Bxh6 Rxe1+ 34.Rxe1 c3 35.Bc1 Bxa4 36.Nf4 Bxb5 37.Qe3 Bb4
38.Qxb6 c2  0-1

[Event "TCh-SRB Prem w 2012"]
[Site "Valjevo SRB"]
[Date "2012.09.17"]
[Round "1.4"]
[White "Benderac,A"]
[Black "Stojanovic,Andj"]
[Result "1/2-1/2"]
[WhiteElo "2266"]
[BlackElo "2263"]

1.d4 d6 2.e4 Nf6 3.Nc3 e5 4.dxe5 dxe5 5.Qxd8+ Kxd8 6.Bg5 Nd7 7.O-O-O c6 8.f3 b5
9.Nge2 Be7 10.h4 h5 11.g3 Ke8 12.Bh3 Nc5 13.Bxc8 Rxc8 14.Rd2 Nfd7 15.Bxe7 Kxe7
16.Nd1 g6  1/2-1/2

[Event "TCh-SRB Prem 2012"]
[Site "Valjevo SRB"]
[Date "2012.09.17"]
[Round "1.3"]
[White "Pap,M"]
[Black "Popovic,Du"]
[Result "0-1"]
[WhiteElo "2513"]
[BlackElo "2583"]

1.e4 d6 2.d4 Nf6 3.Nc3 e5 4.Nf3 Nbd7 5.g4 g6 6.g5 Nh5 7.Be3 Bg7 8.dxe5 dxe5
9.Qd2 O-O 10.O-O-O c6 11.Qd6 Re8 12.Bh3 Qa5 13.Nd2 Bf8 14.Nb3 Qxc3 15.bxc3 Bxd6
16.Rxd6 Nb6 17.Bxc8 Rexc8 18.Na5 Rc7 19.Rhd1 Na4 20.Rd8+ Rxd8 21.Rxd8+ Kg7
22.Bxa7 f6 23.Bb8 Rf7 24.Nc4 fxg5 25.Bxe5+ Kh6 26.Ne3 Nf4 27.Ng4+ Kh5 28.Nf6+ Kh4
29.Rd7 Rxd7 30.Nxd7 Kg4 31.Kd2 Nb2 32.Nb6 Nh3 33.Bg3 h5 34.f3+ Kxf3 35.e5 h4
36.e6 hxg3 37.hxg3 Nf2 38.e7 Ne4+ 39.Kc1 Nd6 40.Kxb2 Kxg3 41.Kc1 g4 42.Nc4 Ne8
43.Ne5 Kf4 44.Nxg6+ Kf5 45.Nh4+ Kf6 46.Kd2 Kxe7 47.Ke3 Kd6 48.Kd4 Ng7 49.c4 Ne6+
50.Ke4 Kc5 51.Nf5 b6 52.Ke5 Nd8 53.Kf4 Kxc4 54.Kxg4 Kc3 55.Kf4 Kxc2 56.Ke5 Kb2
57.a4 Kb3 58.Kd6 Kxa4 59.Kc7 b5 60.Kxd8 c5 61.Kc7 c4 62.Kc6 c3 63.Nd4 b4
64.Kc5 b3 65.Kc4 b2 66.Nb5 c2 67.Nc3+ Ka5  0-1

[Event "TCh-SRB Prem 2012"]
[Site "Valjevo SRB"]
[Date "2012.09.17"]
[Round "1.5"]
[White "Nadj Hedjesi,B"]
[Black "Strikovic,A"]
[Result "0-1"]
[WhiteElo "2376"]
[BlackElo "2539"]

1.e4 d6 2.d4 Nf6 3.Nc3 e5 4.Nf3 Nbd7 5.Bc4 Be7 6.O-O Nb6 7.Bb3 exd4 8.Qxd4 O-O
9.h3 Nfd7 10.Nd5 Nxd5 11.exd5 Bf6 12.Qf4 Nc5 13.c3 Nd3 14.Qc4 Bf5 15.Nd4 Ne5
16.Qb4 a5 17.Qa3 Bd3 18.Rd1 Nc4 19.Bxc4 Bxc4 20.Nc2 Be2 21.Re1 Bd3 22.Ne3 Re8
23.Bd2 h5 24.c4 Bg6 25.Bc3 Be5 26.c5 Bf4 27.Nf1 Qg5 28.Qa4 Rxe1 29.Rxe1 dxc5
30.g3 Bd6 31.Qb3 b6 32.a4 Rd8 33.Bd2 Qf5 34.h4 Qc2 35.Qb5 Bd3 36.Qc6 Bxf1
37.Bg5 Rf8 38.Kxf1 f6 39.Bf4 Bxf4 40.gxf4 Qc4+ 41.Kg1 Qxf4 42.Re7 Kh7 43.Rxc7 Re8
44.Kf1 Qc4+  0-1